Gaming Quiz

Random Gaming or Video Games Quiz

Video Game Doors Quiz Stats

 Plays Quiz Updated Oct 31, 2017

Challenge
Share
Tweet
Score 0/20 Timer 05:00
0 Plays Today
% Correct
Super Mario Bros.
83.4%
Pokémon R/B/Y
77.3%
Halo 3
62.8%
GoldenEye 007
58.1%
The Legend of Zelda: A Link to the Past
56.4%
The Sims 2
53.6%
Grand Theft Auto: San Andreas
51%
Metroid Prime
46.4%
Paperboy 2
45.9%
Resident Evil
42.1%
% Correct
Metal Gear Solid
40.4%
Bioshock
33.8%
Kingdom Hearts
29%
Contra
28.6%
Final Fantasy VI
22.9%
Teenage Mutant Ninja Turtles
19%
Diddy Kong Racing
16.9%
World of Warcraft
12.3%
Paper Mario: The Thousand Year Door
7.8%
Devil May Cry 4
3.8%

You're not logged in!

Compare scores with friends on all Sporcle quizzes.
OR
Log In

You Might Also Like...

Show Comments

Extras

Top Quizzes Today


Score Distribution

Your Account Isn't Verified!

In order to create a playlist on Sporcle, you need to verify the email address you used during registration. Go to your Sporcle Settings to finish the process.

Report this User

Report this user for behavior that violates our Community Guidelines.

Details: